Especiación vegetal

Сохранить в:
Библиографические подробности
Главный автор: Grant, Verne (Автор)
Формат:
Язык:испанский
Опубликовано: Ciudad de México Limusa 1989
Предметы:
Метки: Добавить метку
Нет меток, Требуется 1-ая метка записи!

MARC

LEADER 00000nam a2200000 a 4500
001 UCV7426
003 CL-VaPUC
008 920310e19890000MX |||||||||||||||||spa|d
082 0 4 |a 581.38  |b GRA  |2 21 
100 0 |a Grant, Verne  |e author  |9 301544 
245 1 0 |a Especiación vegetal 
300 |a 587 p 
942 |c BK 
945 |d 19920310 00:00:00 
260 |a Ciudad de México  |b Limusa  |c 1989 
650 7 |a EVOLUCION DE LAS PLANTAS  |2 CL-VaPUC  |9 264810 
583 |a last modification  |c 19920310 00:00:00  |k Rodrigo Vera 
999 |c 213107  |d 213105 
952 |0 0  |1 0  |4 0  |6 581_380000000000000_GRA_1989  |7 0  |8 A  |9 195136  |a BIBAGR  |b BIBAGR  |d 2019-11-14  |i 2632446  |o 581.38 GRA 1989  |p 2632446  |r 2025-01-20  |w 2019-11-14  |y BK  |k AGR